Members of the Spanish Royal Family - Statistics

General Stats
  • This quiz has been taken 249 times
  • The average score is 10 of 16
Answer Stats
Hint Answer % Correct
Children Juan Valentín
91%
Children Sofía
89%
The King 👑 Felipe VI
88%
Children Felipe Juan Froilán
86%
King's father 👑 Juan Carlos I
85%
Queen consort Letizia Ortiz
83%
Children Leonor (Princesa de Asturias)
82%
King's mother Sofía de Grecia
81%
King's sister Cristina de Borbón
60%
King's sister Elena de Borbón
56%
Children Victoria Federica
45%
Former spouse Iñaki Urdangarín
41%
Children Pablo Nicolás
37%
Children Irene
36%
Former spouse Jaime de Marichalar
35%
Children Miguel
32%
No matching quizzes found
Score Distribution
Percent of People with Each Score
Percentile by Number Answered
Your Score History
You have not taken this quiz